| 000 | 00340nam a2200145Ia 4500 | ||
|---|---|---|---|
| 005 | 20251222152019.0 | ||
| 008 | 251222s9999||||xx |||||||||||||| ||spa|| | ||
| 020 | _a9786123114268 | ||
| 082 | _a657.72/A11 | ||
| 100 | _aAbanto Bromley, Martha | ||
| 245 | 0 | _aExistencias: | |
| 250 | _a1ra. ed. | ||
| 264 | _bGaceta JurÃdica | ||
| 942 | _cLIB | ||
| 999 |
_c25207 _d25207 |
||